Writing matters Writing skills and strategies for students of English

Wedi'i Gadw mewn:
Manylion Llyfryddiaeth
Prif Awdur: Brown, Kristine
Awduron Eraill: Hood, Susan
Fformat: Llyfr
Iaith:Undetermined
Cyhoeddwyd: New York Cambridge University Press 2007
Pynciau:
Mynediad Ar-lein:http://lrc.tdmu.edu.vn/opac/search/detail.asp?aID=2&ID=41792
Tagiau: Ychwanegu Tag
Dim Tagiau, Byddwch y cyntaf i dagio'r cofnod hwn!
Thư viện lưu trữ: Trung tâm Học liệu Trường Đại học Thủ Dầu Một
LEADER 00670nam a2200217Ia 4500
001 TDMU_41792
008 210410s9999 xx 000 0 und d
082 |a 604.2 
090 |b B435 
100 |a Brown, Kristine 
245 0 |a Writing matters 
245 0 |b Writing skills and strategies for students of English 
245 0 |c Kristine Brown, Susan Hood 
260 |a New York 
260 |b Cambridge University Press 
260 |c 2007 
300 |a 149tr. 
650 |a English  |x Writing skills 
700 |a Hood, Susan 
856 |u http://lrc.tdmu.edu.vn/opac/search/detail.asp?aID=2&ID=41792 
980 |a Trung tâm Học liệu Trường Đại học Thủ Dầu Một